Villes du Languedoc-Roussillon par département - Statistiques

Statistiques générales
  • Ce quiz a été pris 157 fois
  • Le résultat moyen est 14 sur 25
Statistiques - réponses
Ville Population % Correct
Montpellier 302 454
99%
Nîmes 148 104
97%
Narbonne 56 395
95%
Béziers 80 341
94%
Carcassonne 46 218
94%
Mende 12 316
90%
Perpignan 119 656
89%
Sète 44 712
86%
Alès 43 892
85%
Agde 29 103
70%
Lunel 26 185
60%
Argelès-sur-Mer 10 792
54%
Limoux 10 302
51%
Castelnaudary 12 448
46%
Lézignan-Corbières 10 952
40%
Canet-en-Roussillon 12 598
38%
Beaucaire 15 680
36%
Marvejols 4 738
35%
Saint-Cyprien 11 398
28%
Bagnols-sur-Cèze 18 248
27%
Saint-Chély-d'Apcher 4 096
26%
Saint-Gilles 14 264
22%
Langogne 2 867
18%
Saint-Estève 11 550
17%
Peyre en Aubrac 2 300
7%
Aucun quiz correspondant
Distribution des résultats
% des personnes avec chaque résultat
Percentile par nombre de réponses
Votre historique - résultats
Vous n’avez pas pris ce quiz